<?xml version="1.0" encoding="UTF-8"?>
<record
    xmlns:xsi="http://www.w3.org/2001/XMLSchema-instance"
    xsi:schemaLocation="http://www.loc.gov/MARC21/slim http://www.loc.gov/standards/marcxml/schema/MARC21slim.xsd"
    xmlns="http://www.loc.gov/MARC21/slim">

  <leader>01144cam a2200301 a 4500</leader>
  <controlfield tag="003">EG-GiCUC</controlfield>
  <controlfield tag="008">061129s1999    ua a   f      000 0 ara d</controlfield>
  <datafield tag="017" ind1=" " ind2=" ">
    <subfield code="a">1999 / 9844</subfield>
    <subfield code="b">&#x645;&#x635;&#x631;.&#x62F;&#x627;&#x631; &#x627;&#x644;&#x643;&#x62A;&#x628;</subfield>
  </datafield>
  <datafield tag="020" ind1=" " ind2=" ">
    <subfield code="a">9773070433</subfield>
  </datafield>
  <datafield tag="040" ind1=" " ind2=" ">
    <subfield code="a">EG-GiCUC</subfield>
    <subfield code="b">ara</subfield>
    <subfield code="c">EG-GiCUC</subfield>
  </datafield>
  <datafield tag="050" ind1=" " ind2="4">
    <subfield code="a">TK5105.888.</subfield>
    <subfield code="b">A9 1999</subfield>
  </datafield>
  <datafield tag="092" ind1="0" ind2="4">
    <subfield code="a">005.72</subfield>
    <subfield code="b">A9351</subfield>
    <subfield code="2">21</subfield>
  </datafield>
  <datafield tag="099" ind1=" " ind2=" ">
    <subfield code="a">04</subfield>
    <subfield code="a">005.72 A9351</subfield>
  </datafield>
  <datafield tag="100" ind1="1" ind2=" ">
    <subfield code="a">&#x627;&#x648;&#x633;&#x62A;&#x64A;&#x646;: &#x628;&#x631;&#x64A;&#x627;&#x646;.</subfield>
  </datafield>
  <datafield tag="240" ind1="1" ind2="0">
    <subfield code="a">Web page design in easy steps.</subfield>
    <subfield code="l">Arabic</subfield>
  </datafield>
  <datafield tag="245" ind1="1" ind2="0">
    <subfield code="a">&#x62A;&#x635;&#x645;&#x64A;&#x645; &#x635;&#x641;&#x62D;&#x627;&#x62A; &#x627;&#x644;&#x648;&#x64A;&#x628; &#x641;&#x649; &#x62E;&#x637;&#x648;&#x627;&#x62A; &#x633;&#x647;&#x644;&#x629;  = </subfield>
    <subfield code="b">Web page design in easy steps /</subfield>
    <subfield code="c">&#x62A;&#x623;&#x644;&#x64A;&#x641; &#x628;&#x631;&#x64A;&#x627;&#x646; &#x627;&#x648;&#x633;&#x62A;&#x64A;&#x646;</subfield>
  </datafield>
  <datafield tag="246" ind1="2" ind2="1">
    <subfield code="a">Web page design in easy steps.</subfield>
  </datafield>
  <datafield tag="250" ind1=" " ind2=" ">
    <subfield code="a">&#x637;.1.</subfield>
  </datafield>
  <datafield tag="260" ind1=" " ind2=" ">
    <subfield code="a">&#x627;&#x644;&#x642;&#x627;&#x647;&#x631;&#x629; :</subfield>
    <subfield code="b">&#x62F;&#x627;&#x631; &#x627;&#x644;&#x641;&#x627;&#x631;&#x648;&#x642; &#x644;&#x644;&#x646;&#x634;&#x631; &#x648; &#x627;&#x644;&#x62A;&#x648;&#x632;&#x64A;&#x639; :</subfield>
    <subfield code="c">1999</subfield>
  </datafield>
  <datafield tag="300" ind1=" " ind2=" ">
    <subfield code="a">190 &#x635;. :</subfield>
    <subfield code="b">&#x627;&#x64A;&#x636;.&#x61B;</subfield>
    <subfield code="c">25&#x633;&#x645;.</subfield>
  </datafield>
  <datafield tag="500" ind1=" " ind2=" ">
    <subfield code="a">&#x639;&#x644;&#x649; &#x627;&#x644;&#x63A;&#x644;&#x627;&#x641; : &#x627;&#x639;&#x62F;&#x627;&#x62F; &#x642;&#x633;&#x645; &#x627;&#x644;&#x62A;&#x631;&#x62C;&#x645;&#x629; &#x628;&#x62F;&#x627;&#x631; &#x627;&#x644;&#x641;&#x627;&#x631;&#x648;&#x642; / &#x62E;&#x627;&#x644;&#x62F; &#x627;&#x644;&#x639;&#x627;&#x645;&#x631;&#x649; : &#x62B;&#x646;&#x627;&#x621; &#x627;&#x644;&#x634;&#x627;&#x645;&#x649;</subfield>
  </datafield>
  <datafield tag="650" ind1=" " ind2="4">
    <subfield code="a">&#x627;&#x644;&#x648;&#x64A;&#x628;</subfield>
    <subfield code="x">.&#x62A;&#x635;&#x645;&#x64A;&#x645;</subfield>
  </datafield>
  <datafield tag="650" ind1=" " ind2="4">
    <subfield code="a">&#x646;&#x634;&#x631; &#x627;&#x644;&#x648;&#x64A;&#x628;.</subfield>
  </datafield>
  <datafield tag="902" ind1=" " ind2=" ">
    <subfield code="a">1</subfield>
  </datafield>
  <datafield tag="905" ind1=" " ind2=" ">
    <subfield code="a">&#x62C;&#x64A;&#x647;&#x627;&#x646;</subfield>
    <subfield code="e">&#x645;&#x62F;&#x62E;&#x644;</subfield>
  </datafield>
  <datafield tag="905" ind1=" " ind2=" ">
    <subfield code="a">&#x62C;&#x64A;&#x647;&#x627;&#x646;</subfield>
    <subfield code="e">&#x645;&#x631;&#x627;&#x62C;&#x639;</subfield>
  </datafield>
  <datafield tag="942" ind1=" " ind2=" ">
    <subfield code="2">ddc</subfield>
    <subfield code="c">BK</subfield>
  </datafield>
  <datafield tag="999" ind1=" " ind2=" ">
    <subfield code="c">89592</subfield>
    <subfield code="d">89592</subfield>
  </datafield>
  <datafield tag="952" ind1=" " ind2=" ">
    <subfield code="2">ddc</subfield>
    <subfield code="7">0</subfield>
    <subfield code="a">CUCL</subfield>
    <subfield code="b">cl220</subfield>
    <subfield code="d">2024-02-11</subfield>
    <subfield code="o">005.72 A9351</subfield>
    <subfield code="p">01000100107159000</subfield>
    <subfield code="r">2023-09-22 00:00:00</subfield>
    <subfield code="t">C.1</subfield>
    <subfield code="y">BK</subfield>
  </datafield>
</record>
